| 000 | 00882cam a2200229Ia 4500 | ||
|---|---|---|---|
| 020 | _a0590690140 | ||
| 020 | _a9780590690140 | ||
| 040 | _cDVA | ||
| 082 | _a 813 SCH 1995 A094 Or. | ||
| 100 | 1 | _aCurtis, Christopher Paul. | |
| 245 | 1 | 4 |
_aThe Watsons go to Birmingham--1963 : _ba novel / |
| 260 |
_aNew York : _bScholastic Inc., _cc1995, |
||
| 300 |
_a210 p. ; _c22 cm. |
||
| 500 | _aReprint: Originally published: New York : Delacorte Press, c1995. | ||
| 500 | _a"First Scholastic printing, January 1998"--Verso t.p. | ||
| 520 | _aThe ordinary interactions and everyday routines of the Watsons, an African American family living in Flint, Michigan, are drastically changed after they go to visit Grandma in Alabama in the summer of 1963. | ||
| 650 | 0 | _aAfrican Americans | |
| 650 | 0 | _aFamilies | |
| 650 | 0 | _aPrejudices | |
| 650 | 0 | _aBrothers and sisters | |
| 942 | _cEK | ||
| 999 |
_c13005 _d13005 |
||